| 000 | 00573nam a2200217Ia 4500 | ||
|---|---|---|---|
| 008 | 160901s9999 xx 000 0 und d | ||
| 020 | _a81-314-0485-4 | ||
| 050 | _aComSc QA 76.9 | ||
| 050 | _b.A25I54 2006 | ||
| 245 | _aIT governance : | ||
| 245 | _ban introduction / | ||
| 245 | _cedited by Ravi Kumar Jain Bandamutha. | ||
| 260 | _aIndia : | ||
| 260 | _bThe ICFAI University Press., | ||
| 260 | _c2006 | ||
| 300 | _a298 pages : | ||
| 300 | _bill. ; | ||
| 300 | _c23 cm. | ||
| 500 | _aIncludes index. | ||
| 650 | _aComputer networks -- Security measures. | ||
| 999 |
_c300944 _d300944 |
||